[Event "448. Wednesday (05.08.2020)"]
[Site "Official B"]
[Date "2020.08.05"]
[Round "5"]
[White "Dagobert52"]
[Black "Alexmil2020"]
[Result "1-0"]
[WhiteElo "1558"]
[BlackElo "1427"]
[Annotator "NA RC"]
[PlyCount "27"]
[EventDate "2020.08.05"]
[EventType "swiss (blitz)"]

{- Milgevsky, Alexander} 1. e4 {[%emt 0:00:02]} e5 {[%emt 0:00:40]} 2. Nf3 {[%emt 0:00:03]} Nc6 {[%emt 0:00:39]} 3. Bc4 {[%emt 0:00:03]} h6 {[%emt 0:00:11]} 4. O-O {[%emt 0:00:06]} Qe7 {[%emt 0:01:24]} 5. Re1 {[%emt 0:00:05]} Nf6 {[%emt 0:00:10]} 6. d3 {[%emt 0:00:02]} d6 {[%emt 0:00:01]} 7. Nbd2 {[%emt 0:00:04]} Bg4 {[%emt 0:00:01]} 8. c3 {[%emt 0:00:01]} O-O-O {[%emt 0:00:09]} 9. b4 {[%emt 0:00:02]} d5 {[%emt 0:00:11]} 10. exd5 {[%emt 0:00:10]} Nxd5 {[%emt 0:00:06]} 11. Qb3 {[%emt 0:00:04]} Be6 {[%emt 0:00:09]} 12. Nxe5 {[%emt 0:00:07]} Nxe5 {[%emt 0:00:58]} 13. Rxe5 {[%emt 0:00:04]} Qd6 {[%emt 0:00:01]} 14. d4 {[%emt 0:00:08] Время (Lag: Av=0.77s, max=0.9s)} 1-0

[Event "448. Wednesday (05.08.2020)"]
[Site "Official B"]
[Date "2020.08.05"]
[Round "5"]
[White "Vhêne"]
[Black "Holzpferd"]
[Result "0-1"]
[WhiteElo "1440"]
[BlackElo "1431"]
[Annotator "NA RC"]
[PlyCount "68"]
[EventDate "2020.08.05"]
[EventType "swiss (blitz)"]

1. d4 {[%emt 0:00:02]} d5 {[%emt 0:00:33]} 2. Bf4 {[%emt 0:00:04]} e6 {[%emt 0:00:02]} 3. e3 {[%emt 0:00:01]} Nf6 {[%emt 0:00:01]} 4. c3 {[%emt 0:00:01]} Bd6 {[%emt 0:00:01]} 5. Bg3 {[%emt 0:00:01]} Bxg3 {[%emt 0:00:02]} 6. hxg3 {[%emt 0:00:02]} b6 {[%emt 0:00:01]} 7. Bd3 {[%emt 0:00:02]} Ba6 {[%emt 0:00:02]} 8. Bxa6 {[%emt 0:00:05]} Nxa6 {[%emt 0:00:01]} 9. Qd3 {[%emt 0:00:02]} Nb8 {[%emt 0:00:07]} 10. Nf3 {[%emt 0:00:02]} Nbd7 {[%emt 0:00:02]} 11. Nbd2 {[%emt 0:00:09]} Qe7 {[%emt 0:00:01]} 12. Qb5 {[%emt 0:00:08]} c5 {[%emt 0:00:09]} 13. Qc6 {[%emt 0:00:03]} Rc8 {[%emt 0:00:02]} 14. Qb7 {[%emt 0:00:05]} Qd8 {[%emt 0:00:17]} 15. Qa6 {[%emt 0:00:04]} cxd4 {[%emt 0:00:02]} 16. exd4 {[%emt 0:00:04]} O-O {[%emt 0:00:01]} 17. Qd3 {[%emt 0:00:09]} g6 {[%emt 0:00:05]} 18. O-O-O {[%emt 0:00:09]} a6 {[%emt 0:00:03]} 19. Ng5 {[%emt 0:00:02]} b5 {[%emt 0:00:06]} 20. Qf3 {[%emt 0:00:20]} e5 {[%emt 0:00:05]} 21. dxe5 {[%emt 0:00:13]} Nxe5 {[%emt 0:00:03]} 22. Qf4 {[%emt 0:00:02]} Nd3+ {[%emt 0:00:10]} 23. Kc2 {[%emt 0:00:02]} Nxf4 {[%emt 0:00:02]} 24. gxf4 {[%emt 0:00:01]} d4 {[%emt 0:00:04]} 25. Ndf3 {[%emt 0:00:06]} Ng4 {[%emt 0:00:09]} 26. Rxd4 {[%emt 0:00:06]} Qf6 {[%emt 0:00:05]} 27. Nxh7 {[%emt 0:00:07]} Qf5+ {[%emt 0:00:06]} 28. Kb3 {[%emt 0:00:08]} Rfd8 {[%emt 0:00:04]} 29. Nh4 {[%emt 0:00:04]} Qe6+ {[%emt 0:00:06]} 30. Kb4 {[%emt 0:00:07]} Rxd4+ {[%emt 0:00:04]} 31. cxd4 {[%emt 0:00:03]} Qc4+ {[%emt 0:00:06]} 32. Ka5 {[%emt 0:00:02]} Rc6 {[%emt 0:00:13]} 33. b4 {[%emt 0:00:11]} Qxd4 {[%emt 0:00:06]} 34. Ng5 {[%emt 0:00:06]} Qb6# {[%emt 0:00:02] (Lag: Av=0.22s, max=0.8s)} 0-1

[Event "448. Wednesday (05.08.2020)"]
[Site "Official B"]
[Date "2020.08.05"]
[Round "5"]
[White "Duckduck"]
[Black "Gaius Bonus"]
[Result "1-0"]
[WhiteElo "1420"]
[BlackElo "1623"]
[Annotator "NA RC"]
[PlyCount "83"]
[EventDate "2020.08.05"]
[EventType "swiss (blitz)"]

1. d4 {[%emt 0:00:05]} d5 {[%emt 0:00:01]} 2. e3 {[%emt 0:00:01]} e6 {[%emt 0:00:00]} 3. a3 {[%emt 0:00:01]} f5 {[%emt 0:00:01]} 4. c4 {[%emt 0:00:01]} Nf6 {[%emt 0:00:00]} 5. b4 {[%emt 0:00:01]} c6 {[%emt 0:00:00]} 6. Qc2 {[%emt 0:00:01]} Be7 {[%emt 0:00:00]} 7. Bb2 {[%emt 0:00:01]} Bd7 {[%emt 0:00:01]} 8. Bd3 {[%emt 0:00:01]} O-O {[%emt 0:00:01]} 9. Nf3 {[%emt 0:00:01]} Be8 {[%emt 0:00:01]} 10. O-O {[%emt 0:00:04]} Bh5 {[%emt 0:00:01]} 11. Nbd2 {[%emt 0:00:12]} Nbd7 {[%emt 0:00:01]} 12. Ng5 {[%emt 0:00:06]} Bf7 {[%emt 0:00:07]} 13. Nxf7 {[%emt 0:00:02]} Rxf7 {[%emt 0:00:00]} 14. Nf3 {[%emt 0:00:01]} Ne4 {[%emt 0:00:02]} 15. Bxe4 {[%emt 0:00:03]} fxe4 {[%emt 0:00:01]} 16. Ne5 {[%emt 0:00:02]} Nxe5 {[%emt 0:00:07]} 17. dxe5 {[%emt 0:00:01]} g6 {[%emt 0:00:06]} 18. Rad1 {[%emt 0:00:05]} Bg5 {[%emt 0:00:01]} 19. cxd5 {[%emt 0:00:03]} cxd5 {[%emt 0:00:02]} 20. Qe2 {[%emt 0:00:08]} Rc8 {[%emt 0:00:09]} 21. f4 {[%emt 0:00:03]} exf3 {[%emt 0:00:04]} 22. Rxf3 {[%emt 0:00:04]} Rfc7 {[%emt 0:00:08]} 23. Bd4 {[%emt 0:00:08]} Rc2 {[%emt 0:00:05]} 24. Qf1 {[%emt 0:00:02]} Bh6 {[%emt 0:00:18]} 25. Rf7 {[%emt 0:00:17]} Ra2 {[%emt 0:00:14]} 26. Rxb7 {[%emt 0:00:08]} Qe8 {[%emt 0:00:16]} 27. Bc5 {[%emt 0:00:15]} a5 {[%emt 0:00:37]} 28. Qf6 {[%emt 0:00:10]} axb4 {[%emt 0:00:56]} 29. axb4 {[%emt 0:00:04]} Bf8 {[%emt 0:00:37]} 30. Bxf8 {[%emt 0:00:08]} Qxf8 {[%emt 0:00:01]} 31. Qxe6+ {[%emt 0:00:02]} Kh8 {[%emt 0:00:01]} 32. Qf6+ {[%emt 0:00:16]} Kg8 {[%emt 0:00:07]} 33. Qe6+ {[%emt 0:00:14]} Kh8 {[%emt 0:00:02]} 34. Qf6+ {[%emt 0:00:05]} Kg8 {[%emt 0:00:10]} 35. Rf1 {[%emt 0:00:05]} Qxf6 {[%emt 0:00:06]} 36. exf6 {[%emt 0:00:07]} Rcc2 {[%emt 0:00:06]} 37. f7+ {[%emt 0:00:06]} Kf8 {[%emt 0:00:05]} 38. Rb8+ {[%emt 0:00:02]} Ke7 {[%emt 0:00:01]} 39. f8=Q+ {[%emt 0:00:01]} Ke6 {[%emt 0:00:00]} 40. Qf3 {[%emt 0:00:06]} h5 {[%emt 0:00:10]} 41. Rg8 {[%emt 0:00:03]} g5 {[%emt 0:00:06]} 42. Rxg5 {[%emt 0:00:02] Gaius Bonus gibt auf (Lag: Av=0.43s, max=0.9s)} 1-0

[Event "448. Wednesday (05.08.2020)"]
[Site "Official B"]
[Date "2020.08.05"]
[Round "5"]
[White "Scharmacher"]
[Black "Sadbat1122"]
[Result "0-1"]
[WhiteElo "1404"]
[BlackElo "1573"]
[Annotator "NA RC"]
[PlyCount "120"]
[EventDate "2020.08.05"]
[EventType "swiss (blitz)"]

1. d4 {[%emt 0:00:02]} e6 {[%emt 0:01:26]} 2. Nf3 {[%emt 0:00:03]} d5 {[%emt 0:00:31]} 3. g3 {[%emt 0:00:02]} Nf6 {[%emt 0:00:02]} 4. Bg2 {[%emt 0:00:02]} c6 {[%emt 0:00:01]} 5. e3 {[%emt 0:00:02]} Nbd7 {[%emt 0:00:01]} 6. O-O {[%emt 0:00:02]} g6 {[%emt 0:00:01]} 7. Nbd2 {[%emt 0:00:02]} Bg7 {[%emt 0:00:01]} 8. b3 {[%emt 0:00:01]} O-O {[%emt 0:00:01]} 9. Bb2 {[%emt 0:00:01]} b5 {[%emt 0:00:01]} 10. Rc1 {[%emt 0:00:02]} b4 {[%emt 0:00:03]} 11. c4 {[%emt 0:00:02]} a5 {[%emt 0:00:04]} 12. a3 {[%emt 0:00:02]} Ba6 {[%emt 0:00:03]} 13. Re1 {[%emt 0:00:04]} Rb8 {[%emt 0:00:04]} 14. cxd5 {[%emt 0:00:05]} cxd5 {[%emt 0:00:02]} 15. e4 {[%emt 0:00:01]} dxe4 {[%emt 0:00:02]} 16. Nxe4 {[%emt 0:00:02]} Nxe4 {[%emt 0:00:02]} 17. Rxe4 {[%emt 0:00:03]} Nf6 {[%emt 0:00:02]} 18. Re1 {[%emt 0:00:04]} bxa3 {[%emt 0:00:02]} 19. Bxa3 {[%emt 0:00:04]} Re8 {[%emt 0:00:02]} 20. Ne5 {[%emt 0:00:03]} Bb7 {[%emt 0:00:14]} 21. Nc6 {[%emt 0:00:03]} Bxc6 {[%emt 0:00:03]} 22. Bxc6 {[%emt 0:00:02]} Qb6 {[%emt 0:00:10]} 23. Bxe8 {[%emt 0:00:03]} Rxe8 {[%emt 0:00:06]} 24. Bc5 {[%emt 0:00:02]} Qc6 {[%emt 0:00:09]} 25. b4 {[%emt 0:00:05]} axb4 {[%emt 0:00:02]} 26. Bxb4 {[%emt 0:00:02]} Qd5 {[%emt 0:00:02]} 27. Re5 {[%emt 0:00:05]} Qd7 {[%emt 0:00:03]} 28. Bc5 {[%emt 0:00:02]} Nd5 {[%emt 0:00:03]} 29. Re1 {[%emt 0:00:02]} Qb5 {[%emt 0:00:03]} 30. Rb1 {[%emt 0:00:04]} Qc4 {[%emt 0:00:02]} 31. Qc1 {[%emt 0:00:03]} Qd3 {[%emt 0:00:03]} 32. Rd1 {[%emt 0:00:04]} Qf3 {[%emt 0:00:02]} 33. Rf1 {[%emt 0:00:07]} Nf6 {[%emt 0:00:09]} 34. Qe3 {[%emt 0:00:05]} Qh5 {[%emt 0:00:02]} 35. h4 {[%emt 0:00:03]} Nd5 {[%emt 0:00:03]} 36. Qe5 {[%emt 0:00:03]} Bxe5 {[%emt 0:00:02]} 37. dxe5 {[%emt 0:00:03]} Qxe5 {[%emt 0:00:01]} 38. Rbe1 {[%emt 0:00:06]} Qf6 {[%emt 0:00:02]} 39. Rd1 {[%emt 0:00:04]} Qf3 {[%emt 0:00:02]} 40. Bd4 {[%emt 0:00:06]} e5 {[%emt 0:00:02]} 41. Bc5 {[%emt 0:00:03]} Nf6 {[%emt 0:00:03]} 42. Be3 {[%emt 0:00:03]} Ng4 {[%emt 0:00:02]} 43. Bg5 {[%emt 0:00:06]} f6 {[%emt 0:00:02]} 44. Bd2 {[%emt 0:00:06]} e4 {[%emt 0:00:01]} 45. Bc3 {[%emt 0:00:03]} e3 {[%emt 0:00:02]} 46. Bd4 {[%emt 0:00:04]} e2 {[%emt 0:00:02]} 47. Rde1 {[%emt 0:00:06]} exf1=Q+ {[%emt 0:00:02]} 48. Kxf1 {[%emt 0:00:02]} Rxe1+ {[%emt 0:00:01]} 49. Kxe1 {[%emt 0:00:01]} Qe4+ {[%emt 0:00:02]} 50. Be3 {[%emt 0:00:06]} Nxe3 {[%emt 0:00:01]} 51. fxe3 {[%emt 0:00:01]} Qxe3+ {[%emt 0:00:01]} 52. Kf1 {[%emt 0:00:01]} Qxg3 {[%emt 0:00:01]} 53. Ke2 {[%emt 0:00:03]} Kf7 {[%emt 0:00:01]} 54. h5 {[%emt 0:00:03]} gxh5 {[%emt 0:00:02]} 55. Kd2 {[%emt 0:00:03]} h4 {[%emt 0:00:01]} 56. Ke2 {[%emt 0:00:01]} h3 {[%emt 0:00:01]} 57. Kf1 {[%emt 0:00:01]} h2 {[%emt 0:00:01]} 58. Ke2 {[%emt 0:00:01]} h1=Q {[%emt 0:00:01]} 59. Kd2 {[%emt 0:00:03]} Qhh2+ {[%emt 0:00:01]} 60. Kd1 {[%emt 0:00:03]} Qgg1# {[%emt 0:00:01] (Lag: Av=0.77s, max=1.0s)} 0-1

[Event "448. Wednesday (05.08.2020)"]
[Site "Official B"]
[Date "2020.08.05"]
[Round "5"]
[White "Serrano2003"]
[Black "Minimaxi0708"]
[Result "1-0"]
[WhiteElo "1394"]
[BlackElo "1528"]
[Annotator "NA RC"]
[PlyCount "111"]
[EventDate "2020.08.05"]
[EventType "swiss (blitz)"]

1. e4 {[%emt 0:00:02]} e6 {[%emt 0:00:01]} 2. d4 {[%emt 0:00:02]} d5 {[%emt 0:00:01]} 3. e5 {[%emt 0:00:01]} c5 {[%emt 0:00:02]} 4. c3 {[%emt 0:00:01]} Nc6 {[%emt 0:00:01]} 5. Nf3 {[%emt 0:00:01]} Bd7 {[%emt 0:00:01]} 6. Bd3 {[%emt 0:00:04]} Qb6 {[%emt 0:00:03]} 7. Qb3 {[%emt 0:00:02]} Qxb3 {[%emt 0:00:07]} 8. axb3 {[%emt 0:00:01]} cxd4 {[%emt 0:00:06]} 9. cxd4 {[%emt 0:00:02]} Bb4+ {[%emt 0:00:04]} 10. Nc3 {[%emt 0:00:04]} Nge7 {[%emt 0:00:09]} 11. O-O {[%emt 0:00:06]} O-O {[%emt 0:00:05]} 12. Bg5 {[%emt 0:00:03]} Nf5 {[%emt 0:00:06]} 13. Bxf5 {[%emt 0:00:02]} exf5 {[%emt 0:00:00]} 14. Bd2 {[%emt 0:00:04]} f6 {[%emt 0:00:16]} 15. exf6 {[%emt 0:00:04]} Bxc3 {[%emt 0:00:04]} 16. bxc3 {[%emt 0:00:04]} Rxf6 {[%emt 0:00:01]} 17. Rfe1 {[%emt 0:00:03]} Re8 {[%emt 0:00:03]} 18. Rxe8+ {[%emt 0:00:04]} Bxe8 {[%emt 0:00:00]} 19. Re1 {[%emt 0:00:02]} Bh5 {[%emt 0:00:09]} 20. Ne5 {[%emt 0:00:06]} Nxe5 {[%emt 0:00:04]} 21. dxe5 {[%emt 0:00:02]} Re6 {[%emt 0:00:03]} 22. f4 {[%emt 0:00:01]} Be8 {[%emt 0:00:10]} 23. g3 {[%emt 0:00:04]} Bc6 {[%emt 0:00:02]} 24. Rd1 {[%emt 0:00:07]} Kf7 {[%emt 0:00:07]} 25. Be3 {[%emt 0:00:02]} b6 {[%emt 0:00:03]} 26. Ra1 {[%emt 0:00:08]} Re7 {[%emt 0:00:07]} 27. c4 {[%emt 0:00:09]} dxc4 {[%emt 0:00:02]} 28. bxc4 {[%emt 0:00:01]} Rc7 {[%emt 0:00:05]} 29. c5 {[%emt 0:00:02]} bxc5 {[%emt 0:00:10]} 30. Bxc5 {[%emt 0:00:02]} Be4 {[%emt 0:00:24]} 31. Rxa7 {[%emt 0:00:03]} Rxa7 {[%emt 0:00:04]} 32. Bxa7 {[%emt 0:00:01]} Ke6 {[%emt 0:00:00]} 33. Kf2 {[%emt 0:00:01]} h6 {[%emt 0:00:02]} 34. Ke3 {[%emt 0:00:01]} g5 {[%emt 0:00:04]} 35. Kd4 {[%emt 0:00:03]} g4 {[%emt 0:00:06]} 36. Kc5 {[%emt 0:00:02]} Bf3 {[%emt 0:00:05] Minimaxi0708 bietet Remis} 37. Kb6 {[%emt 0:00:04]} Bd1 {[%emt 0:00:05]} 38. Kc7 {[%emt 0:00:01]} Bb3 {[%emt 0:00:02]} 39. Kd8 {[%emt 0:00:02]} h5 {[%emt 0:00:12]} 40. Ke8 {[%emt 0:00:02]} Kd5 {[%emt 0:00:09]} 41. Kf7 {[%emt 0:00:02]} Ke4+ {[%emt 0:00:01]} 42. Kf6 {[%emt 0:00:02]} Kf3 {[%emt 0:00:02]} 43. Kxf5 {[%emt 0:00:05]} Kg2 {[%emt 0:00:01]} 44. Kg5 {[%emt 0:00:01]} Bf7 {[%emt 0:00:02]} 45. f5 {[%emt 0:00:13]} Kxh2 {[%emt 0:00:02]} 46. e6 {[%emt 0:00:01]} Be8 {[%emt 0:00:05]} 47. f6 {[%emt 0:00:02]} Kxg3 {[%emt 0:00:01]} 48. f7 {[%emt 0:00:01]} Bxf7 {[%emt 0:00:02]} 49. exf7 {[%emt 0:00:02]} h4 {[%emt 0:00:00]} 50. f8=Q {[%emt 0:00:01]} h3 {[%emt 0:00:00]} 51. Qf1 {[%emt 0:00:01]} h2 {[%emt 0:00:02]} 52. Qh1 {[%emt 0:00:02]} Kh3 {[%emt 0:00:02]} 53. Bg1 {[%emt 0:00:06]} g3 {[%emt 0:00:02]} 54. Bxh2 {[%emt 0:00:03]} gxh2 {[%emt 0:00:04]} 55. Kf4 {[%emt 0:00:04]} Kh4 {[%emt 0:00:04]} 56. Qxh2# {[%emt 0:00:02] (Lag: Av=0.71s, max=1.1s)} 1-0

[Event "448. Wednesday (05.08.2020)"]
[Site "Official B"]
[Date "2020.08.05"]
[Round "5"]
[White "Rainer Günnel"]
[Black "KDK"]
[Result "1-0"]
[WhiteElo "1332"]
[BlackElo "1578"]
[Annotator "NA RC"]
[PlyCount "109"]
[EventDate "2020.08.05"]
[EventType "swiss (blitz)"]

1. d4 {[%emt 0:00:02]} d5 {[%emt 0:00:01]} 2. c4 {[%emt 0:00:03]} e6 {[%emt 0:00:02]} 3. Nc3 {[%emt 0:00:02]} Nf6 {[%emt 0:00:01]} 4. Bg5 {[%emt 0:00:00]} Be7 {[%emt 0:00:01]} 5. e3 {[%emt 0:00:01]} O-O {[%emt 0:00:01]} 6. Nf3 {[%emt 0:00:01]} h6 {[%emt 0:00:00]} 7. Bh4 {[%emt 0:00:02]} dxc4 {[%emt 0:00:02]} 8. Bxc4 {[%emt 0:00:01]} Nd5 {[%emt 0:00:00]} 9. Bxe7 {[%emt 0:00:02]} Nxe7 {[%emt 0:00:00]} 10. e4 {[%emt 0:00:02]} Nbc6 {[%emt 0:00:01]} 11. O-O {[%emt 0:00:05]} Ng6 {[%emt 0:00:01]} 12. e5 {[%emt 0:00:06]} a6 {[%emt 0:00:01]} 13. a4 {[%emt 0:00:02]} b6 {[%emt 0:00:03]} 14. Rc1 {[%emt 0:00:04]} Bb7 {[%emt 0:00:02]} 15. g3 {[%emt 0:00:02]} Nb4 {[%emt 0:00:03]} 16. Ne1 {[%emt 0:00:17]} Qg5 {[%emt 0:00:11]} 17. Nf3 {[%emt 0:00:19]} Qg4 {[%emt 0:00:04]} 18. Be2 {[%emt 0:00:05]} Qh3 {[%emt 0:00:05]} 19. Qb3 {[%emt 0:00:13]} a5 {[%emt 0:00:02]} 20. Nb5 {[%emt 0:00:05]} Bd5 {[%emt 0:00:08]} 21. Qc3 {[%emt 0:00:10]} c6 {[%emt 0:00:01]} 22. Nc7 {[%emt 0:00:03]} Na2 {[%emt 0:00:31]} 23. Qc2 {[%emt 0:00:16]} Nxc1 {[%emt 0:00:02]} 24. Rxc1 {[%emt 0:00:02]} Rac8 {[%emt 0:00:11]} 25. Nxd5 {[%emt 0:00:01]} cxd5 {[%emt 0:00:03]} 26. Qd2 {[%emt 0:00:14]} Rxc1+ {[%emt 0:00:01]} 27. Qxc1 {[%emt 0:00:01]} Qh4 {[%emt 0:00:02]} 28. gxh4 {[%emt 0:00:03]} Nf4 {[%emt 0:00:02]} 29. Qxf4 {[%emt 0:00:03]} Rd8 {[%emt 0:00:02]} 30. Bb5 {[%emt 0:00:07]} Rc8 {[%emt 0:00:02]} 31. Qd2 {[%emt 0:00:02]} Kh7 {[%emt 0:00:05]} 32. Ne1 {[%emt 0:00:03]} g6 {[%emt 0:00:01]} 33. Nd3 {[%emt 0:00:01]} Kg7 {[%emt 0:00:01]} 34. Nf4 {[%emt 0:00:01]} h5 {[%emt 0:00:02]} 35. Nh3 {[%emt 0:00:03]} Rc7 {[%emt 0:00:02]} 36. Kg2 {[%emt 0:00:01]} Rc8 {[%emt 0:00:01]} 37. Ng5 {[%emt 0:00:01]} Rc7 {[%emt 0:00:01]} 38. b4 {[%emt 0:00:04]} axb4 {[%emt 0:00:02]} 39. Qxb4 {[%emt 0:00:02]} Rc2 {[%emt 0:00:01]} 40. Qd6 {[%emt 0:00:02]} Rc8 {[%emt 0:00:15]} 41. Qxb6 {[%emt 0:00:06]} Rf8 {[%emt 0:00:03]} 42. Qc7 {[%emt 0:00:03]} Kg8 {[%emt 0:00:03]} 43. a5 {[%emt 0:00:05]} Kg7 {[%emt 0:00:01]} 44. a6 {[%emt 0:00:02]} Kh6 {[%emt 0:00:02]} 45. Bc6 {[%emt 0:00:02]} f6 {[%emt 0:00:01]} 46. exf6 {[%emt 0:00:02]} Rxf6 {[%emt 0:00:01]} 47. Nf7+ {[%emt 0:00:02]} Kg7 {[%emt 0:00:03]} 48. Ne5+ {[%emt 0:00:01]} Kh6 {[%emt 0:00:01]} 49. a7 {[%emt 0:00:01]} Rf8 {[%emt 0:00:02]} 50. a8=Q {[%emt 0:00:01]} Rxa8 {[%emt 0:00:01]} 51. Bxa8 {[%emt 0:00:01]} g5 {[%emt 0:00:01]} 52. hxg5+ {[%emt 0:00:02]} Kxg5 {[%emt 0:00:01]} 53. Qf7 {[%emt 0:00:01]} h4 {[%emt 0:00:02]} 54. h3 {[%emt 0:00:02]} Kh6 {[%emt 0:00:03]} 55. Qg6# {[%emt 0:00:01] (Lag: Av=0.41s, max=0.7s)} 1-0

[Event "448. Wednesday (05.08.2020)"]
[Site "Official B"]
[Date "2020.08.05"]
[Round "6"]
[White "Sedarpl"]
[Black "Alex29"]
[Result "1-0"]
[WhiteElo "2193"]
[BlackElo "1792"]
[Annotator "NA RC"]
[PlyCount "79"]
[EventDate "2020.08.05"]
[EventType "swiss (blitz)"]

1. d4 {[%emt 0:00:01]} d5 {[%emt 0:00:16]} 2. Nc3 {[%emt 0:00:01]} Nc6 {[%emt 0:00:03]} 3. f3 {[%emt 0:00:02]} Nf6 {[%emt 0:00:02]} 4. Bg5 {[%emt 0:00:05]} e6 {[%emt 0:00:01]} 5. e4 {[%emt 0:00:03]} dxe4 {[%emt 0:00:02]} 6. fxe4 {[%emt 0:00:01]} Be7 {[%emt 0:00:00]} 7. Nf3 {[%emt 0:00:05]} O-O {[%emt 0:00:02]} 8. Qd2 {[%emt 0:00:11]} a6 {[%emt 0:00:01]} 9. O-O-O {[%emt 0:00:02]} Re8 {[%emt 0:00:01]} 10. Bxf6 {[%emt 0:00:06]} Bxf6 {[%emt 0:00:01]} 11. e5 {[%emt 0:00:02]} Be7 {[%emt 0:00:01]} 12. Qf4 {[%emt 0:00:05]} Nb4 {[%emt 0:00:04]} 13. a3 {[%emt 0:00:03]} Nd5 {[%emt 0:00:01]} 14. Nxd5 {[%emt 0:00:03]} exd5 {[%emt 0:00:01]} 15. Bd3 {[%emt 0:00:05]} Be6 {[%emt 0:00:02]} 16. h4 {[%emt 0:00:11]} h6 {[%emt 0:00:01]} 17. g4 {[%emt 0:00:02]} c5 {[%emt 0:00:08]} 18. g5 {[%emt 0:00:03]} h5 {[%emt 0:00:04]} 19. g6 {[%emt 0:00:15]} c4 {[%emt 0:00:10]} 20. gxf7+ {[%emt 0:00:05]} Bxf7 {[%emt 0:00:01]} 21. Bh7+ {[%emt 0:00:02]} Kxh7 {[%emt 0:00:02]} 22. Qxf7 {[%emt 0:00:02]} Rf8 {[%emt 0:00:04]} 23. Qxh5+ {[%emt 0:00:06]} Kg8 {[%emt 0:00:01]} 24. Ng5 {[%emt 0:00:03]} Bxg5+ {[%emt 0:00:02]} 25. hxg5 {[%emt 0:00:01]} Rf4 {[%emt 0:00:23]} 26. g6 {[%emt 0:00:04]} Kf8 {[%emt 0:00:01]} 27. Rhf1 {[%emt 0:00:05]} Rxf1 {[%emt 0:00:06]} 28. Rxf1+ {[%emt 0:00:02]} Ke8 {[%emt 0:00:05]} 29. Rf7 {[%emt 0:00:06]} Qe7 {[%emt 0:00:49]} 30. Qh8+ {[%emt 0:00:05]} Kd7 {[%emt 0:00:01]} 31. Qxa8 {[%emt 0:00:01]} Ke6 {[%emt 0:00:01]} 32. Rxe7+ {[%emt 0:00:02]} Kxe7 {[%emt 0:00:01]} 33. Qxb7+ {[%emt 0:00:01]} Ke6 {[%emt 0:00:00]} 34. Qxg7 {[%emt 0:00:01]} Kf5 {[%emt 0:00:01]} 35. Qf7+ {[%emt 0:00:01]} Ke4 {[%emt 0:00:01]} 36. g7 {[%emt 0:00:01]} Kxd4 {[%emt 0:00:01]} 37. g8=Q {[%emt 0:00:01]} c3 {[%emt 0:00:00]} 38. bxc3+ {[%emt 0:00:02]} Kxc3 {[%emt 0:00:01]} 39. Qxd5 {[%emt 0:00:01]} a5 {[%emt 0:00:01]} 40. Qc4# {[%emt 0:00:01] (Lag: Av=0.70s, max=1.2s)} 1-0

[Event "448. Wednesday (05.08.2020)"]
[Site "Official B"]
[Date "2020.08.05"]
[Round "6"]
[White "LangesNasenhaar"]
[Black "klausen"]
[Result "1-0"]
[WhiteElo "2191"]
[BlackElo "2012"]
[PlyCount "97"]
[EventDate "2020.08.05"]
[EventType "swiss (blitz)"]

1. Nf3 {[%emt 0:00:02]} Nf6 {[%emt 0:00:02]} 2. d4 {[%emt 0:00:01]} e6 {[%emt 0:00:03]} 3. g3 {[%emt 0:00:00]} d5 {[%emt 0:00:04]} 4. Bg2 {[%emt 0:00:00]} Be7 {[%emt 0:00:02]} 5. O-O {[%emt 0:00:00]} O-O {[%emt 0:00:02]} 6. c4 {[%emt 0:00:00]} b6 {[%emt 0:00:03]} 7. Nc3 {[%emt 0:00:02]} Bb7 {[%emt 0:00:02]} 8. Ne5 {[%emt 0:00:01]} Qc8 {[%emt 0:00:02]} 9. Bf4 {[%emt 0:00:19]} dxc4 {[%emt 0:00:02]} 10. Bxb7 {[%emt 0:00:11]} Qxb7 {[%emt 0:00:02]} 11. Nxc4 {[%emt 0:00:00]} Rd8 {[%emt 0:00:08]} 12. e3 {[%emt 0:00:39]} c5 {[%emt 0:00:02]} 13. Qe2 {[%emt 0:00:34]} cxd4 {[%emt 0:00:15]} 14. exd4 {[%emt 0:00:01]} Rxd4 {[%emt 0:00:20]} 15. Nb5 {[%emt 0:00:01]} Rxf4 {[%emt 0:00:21]} 16. gxf4 {[%emt 0:00:01]} Nd5 {[%emt 0:00:04]} 17. Qf3 {[%emt 0:00:16]} a6 {[%emt 0:00:19]} 18. Nd4 {[%emt 0:00:14]} Bf6 {[%emt 0:00:20]} 19. Rad1 {[%emt 0:00:06]} Qc7 {[%emt 0:00:18]} 20. f5 {[%emt 0:00:34]} Bxd4 {[%emt 0:00:44]} 21. Rxd4 {[%emt 0:00:08]} Nc6 {[%emt 0:00:06]} 22. Rh4 {[%emt 0:00:17]} b5 {[%emt 0:00:24]} 23. fxe6 {[%emt 0:00:08]} fxe6 {[%emt 0:00:07]} 24. Qe4 {[%emt 0:00:09]} bxc4 {[%emt 0:00:35]} 25. Qxe6+ {[%emt 0:00:07]} Qf7 {[%emt 0:00:03]} 26. Qxc6 {[%emt 0:00:04]} Rf8 {[%emt 0:00:03]} 27. Qd6 {[%emt 0:00:12]} Nf4 {[%emt 0:00:03]} 28. Rxf4 {[%emt 0:00:02]} Qxf4 {[%emt 0:00:02]} 29. Qxf4 {[%emt 0:00:00]} Rxf4 {[%emt 0:00:02]} 30. Rc1 {[%emt 0:00:00]} Rd4 {[%emt 0:00:02]} 31. Rc2 {[%emt 0:00:02]} Kf7 {[%emt 0:00:02]} 32. Kg2 {[%emt 0:00:00]} Ke6 {[%emt 0:00:01]} 33. Kf3 {[%emt 0:00:00]} Kd5 {[%emt 0:00:01]} 34. Ke3 {[%emt 0:00:01]} Kc5 {[%emt 0:00:01] klausen bietet Remis} 35. b4+ {[%emt 0:00:08]} Kd5 {[%emt 0:00:02]} 36. a4 {[%emt 0:00:01]} Rd3+ {[%emt 0:00:01]} 37. Ke2 {[%emt 0:00:01]} Rb3 {[%emt 0:00:01]} 38. Rd2+ {[%emt 0:00:01]} Ke4 {[%emt 0:00:01] klausen bietet Remis} 39. Rd6 {[%emt 0:00:16]} Rb2+ {[%emt 0:00:01]} 40. Ke1 {[%emt 0:00:04]} Rxb4 {[%emt 0:00:01]} 41. Rxa6 {[%emt 0:00:02]} Kd3 {[%emt 0:00:01]} 42. Kf1 {[%emt 0:00:02]} Kc2 {[%emt 0:00:01]} 43. Rd6 {[%emt 0:00:02]} c3 {[%emt 0:00:01]} 44. a5 {[%emt 0:00:01]} Kc1 {[%emt 0:00:01]} 45. Kg2 {[%emt 0:00:00]} Ra4 {[%emt 0:00:01]} 46. Rc6 {[%emt 0:00:01]} c2 {[%emt 0:00:01]} 47. h3 {[%emt 0:00:01]} Kb1 {[%emt 0:00:01]} 48. a6 {[%emt 0:00:01]} c1=Q {[%emt 0:00:01]} 49. Rb6+ {[%emt 0:00:00] Zeit (Lag: Av=0.50s, max=2.2s) '} 1-0